000 01001cam a2200313Ia 4500
001 sjds35233401
003 sjds
005 20221222111620.0
008 960813s1996 sp a j 000 0 spa d
020 _a8434847795
020 _a9788434847798
040 _aCS1
_cCS1
_dVHB
_dCSP
041 1 _aspa
_hfre
100 1 _aKniffke, Sophie.
245 0 3 _aEl gusto /
_cilustrado por Sophie Kniffke ; realizado por Gallimard Jeunesse, Claude Delafosse y Sophie Kniffke ; traduccion, Paz Barroso.
260 _aMadrid :
_bEdiciones SM,
_cc1996.
300 _a1 v. (unpaged) :
_bcol. ill. ;
_c19 cm.
490 1 _aMundo maravilloso ;
_v41.
500 _aTranslation of: Le gout.
500 _aPagination includes 10 pages of transparencies.
650 1 _aTaste.
650 1 _aFlavor.
650 1 _aToy and movable books.
700 1 _aDelafosse, Claude.
700 1 _aBarroso, Paz
_e traduccion
710 2 _aGallimard Jeunesse (Publisher)
830 0 _aMundo maravilloso ;
_v41.
942 _cBK
999 _c27601
_d27601